000 00598nam a2200193Ia 4500
003 GCL
008 140319s9999 xx 000 0 ara d
040 _aGCL /
_cGCL
082 0 4 _a813.03
_bى ش
100 1 _aيوسف القعيد
245 1 0 _aشكاوى المصرى الفصيح : نوم الاغنياء /
_cيوسف القعيد
250 _aالاولى
260 _aبيروت :
_bدار الشروق ،
_c1989
300 _a224 ص ؛
_c19 سم
490 _aأعمال ادبية
_v0
650 0 4 _aالادب العربى
650 0 4 _aالقصص العربية
942 _2ddc
_cBK
999 _c40129
_d40129